[Event "DVM U10 2013"]
[Site "Magdeburg GER"]
[Date "2013.12.28"]
[Round "5"]
[White "Eschner, Fabian"]
[Black "Reuter, Elisa"]
[Result "1-0"]
[Termination "normal"]
[Board "11.4"]
[WhiteElo "849"]
[BlackElo "833"]
[WhiteTeam "Schachzwerge Magdeburg 1"]
[BlackTeam "SV Empor Erfurt 2"]
[WhiteFideId "16232860"]
[BlackFideId "12995444"]
[EventCountry "GER"]
[EventRounds "6"]
[EventType "team-swiss"]
[EventDate "2013.12.27"]

1. e4 e5 2. Nf3 Nc6 3. Nc3 Nf6 4. Bc4 Bc5 5. d3 O-O 6. Bg5 h6 7. Bh4 d6 8. Nd5
Be6 9. Nxf6+ gxf6 10. Bg3 Bxc4 11. dxc4 a6 12. Qe2 Qe7 13. h4 Rfb8 14. Nd2 b5
15. f4 b4 16. Qg4+ Kh8 17. Qh5 Qf8 18. Bh2 b3 19. Nxb3 Bb4+ 20. c3 Bc5 21. g4
Be3 22. Rf1 exf4 23. Bxf4 Bxf4 24. Rxf4 Qg7 25. g5 fxg5 26. Rxf7 Qxf7 27. Qxf7
Rc8 28. O-O-O gxh4 29. Rg1 Ne5 30. Qg7# 1-0

[Event "DVM U10 2013"]
[Site "Magdeburg GER"]
[Date "2013.12.28"]
[Round "5"]
[White "Tünte, Lukas"]
[Black "Kazuch, Vincent"]
[Result "0-1"]
[Termination "normal"]
[Board "12.1"]
[WhiteElo "946"]
[BlackElo "1165"]
[WhiteTeam "SG Turm Raesfeld/Erle 1"]
[BlackTeam "SV Empor Erfurt 1"]
[BlackFideId "12971480"]
[EventCountry "GER"]
[EventRounds "6"]
[EventType "team-swiss"]
[EventDate "2013.12.27"]

1. e4 e6 2. d4 d5 3. e5 c5 4. c3 Nc6 5. Nf3 Qb6 6. Be3 Qxb2 7. Nbd2 Qxc3 8. Rc1
Qa5 9. Be2 cxd4 10. Bxd4 Bb4 11. Rc2 Bd7 12. Be3 Nge7 13. O-O Ng6 14. Nb3 Qc7
15. Bd4 O-O 16. Nc5 Rac8 17. Nxd7 Qxd7 18. Bc5 Bxc5 19. Rxc5 Ncxe5 20. Rxc8
Rxc8 21. Nxe5 Nxe5 22. Qd4 Nc6 23. h3 Nxd4 24. Bd3 e5 25. Rd1 e4 26. Bb1 Ne2+
27. Kf1 Qb5 28. Ke1 Rc1 29. Bxe4 Rxd1+ 30. Kxd1 dxe4 31. Ke1 Nc3 32. f4 Qe2#
0-1

[Event "DVM U10 2013"]
[Site "Magdeburg GER"]
[Date "2013.12.28"]
[Round "5"]
[White "Finke, Daniel"]
[Black "Lewerenz, Lars"]
[Result "1/2-1/2"]
[Termination "normal"]
[Board "12.2"]
[WhiteElo "1112"]
[BlackElo "600"]
[WhiteTeam "SV Empor Erfurt 1"]
[BlackTeam "SG Turm Raesfeld/Erle 1"]
[WhiteFideId "16217675"]
[EventCountry "GER"]
[EventRounds "6"]
[EventType "team-swiss"]
[EventDate "2013.12.27"]

1. e4 e5 2. Nf3 Nc6 3. Bc4 Bc5 4. c3 Nf6 5. d3 O-O 6. Bg5 h6 7. Bh4 Be7 8. Nbd2
d6 9. Bb3 Bg4 10. h3 Bh5 11. g4 Bg6 12. Nf1 Nd7 13. Bxe7 Nxe7 14. h4 Nc5 15.
Bc4 d5 16. exd5 Nxd5 17. Qd2 a6 18. h5 Bh7 19. g5 Nf4 20. gxh6 Ncxd3+ 21. Bxd3
Nxd3+ 22. Ke2 Nf4+ 23. Ke3 Ng2+ 24. Ke2 Nf4+ 25. Ke1 Nd3+ 26. Ke2 Nf4+ 27. Ke3
Ng2+ 28. Ke2 Bd3+ 29. Kd1 1/2-1/2

[Event "DVM U10 2013"]
[Site "Magdeburg GER"]
[Date "2013.12.28"]
[Round "5"]
[White "Mühl, Felix"]
[Black "Schneider, Konstantin"]
[Result "0-1"]
[Termination "normal"]
[Board "12.3"]
[WhiteElo "811"]
[BlackElo "1048"]
[WhiteTeam "SG Turm Raesfeld/Erle 1"]
[BlackTeam "SV Empor Erfurt 1"]
[EventCountry "GER"]
[EventRounds "6"]
[EventType "team-swiss"]
[EventDate "2013.12.27"]

1. e4 e5 2. Nf3 Nc6 3. Bc4 Bc5 4. c3 Nf6 5. d4 exd4 6. cxd4 Bb4+ 7. Bd2 Bxd2+
8. Nbxd2 O-O 9. d5 Ne7 10. O-O d6 11. h3 Ng6 12. Re1 Re8 13. Bb5 Bd7 14. Bxd7
Qxd7 15. Nc4 Ne5 16. Nfxe5 dxe5 17. f4 exf4 18. e5 Nxd5 19. Qf3 Nb4 20. Qxf4
Nc2 21. Rad1 Qa4 22. Re2 Na3 23. Re4 Qxd1+ 24. Kh2 Nxc4 25. Rxc4 Qe1 26. Rxc7
Qxe5 27. Qxe5 Rxe5 28. Rxb7 h6 29. g4 Rd8 30. Rxa7 Re2+ 31. Kg3 Rxb2 32. h4
Rd3+ 33. Kf4 Rb4+ 34. Ke5 g6 35. Kf6 Rb6+ 36. Ke7 Re3+ 37. Kd7 Rb2 38. Ra8+ Kg7
39. h5 Rd2+ 40. Kc8 Rc3+ 41. Kb7 Rb2+ 42. Ka6 Ra3# 0-1

[Event "DVM U10 2013"]
[Site "Magdeburg GER"]
[Date "2013.12.28"]
[Round "5"]
[White "Niebur, Thorben Carl"]
[Black "Hegemann, Erik"]
[Result "1-0"]
[Termination "normal"]
[Board "12.4"]
[WhiteElo "984"]
[BlackElo "896"]
[WhiteTeam "SV Empor Erfurt 1"]
[BlackTeam "SG Turm Raesfeld/Erle 1"]
[WhiteFideId "16217691"]
[BlackFideId "16234618"]
[EventCountry "GER"]
[EventRounds "6"]
[EventType "team-swiss"]
[EventDate "2013.12.27"]

1. e4 e5 2. Nf3 Nc6 3. d4 Bd6 4. d5 Na5 5. c3 b6 6. b4 Nb7 7. Bb5 a6 8. Bc4 c6
9. dxc6 dxc6 10. O-O Bg4 11. Nbd2 a5 12. b5 Bd7 13. a4 Bc7 14. Bb2 Nd6 15. bxc6
Bxc6 16. Bb3 b5 17. axb5 Bxb5 18. c4 Ba6 19. Nxe5 Nf6 20. Ba4+ Kf8 21. Re1 Bb6
22. Nc6 Qc8 23. Ba3 Qe6 24. e5 Ng4 25. Bxd6+ Kg8 26. c5 Ba7 27. Bb3 Qd7 28. e6
fxe6 29. Bxe6+ Qf7 30. Bxf7+ Kxf7 31. Re7+ Kf6 32. Ne4+ Kf5 33. Qf3+ Kg6 34.
Qxg4+ Kh6 35. Qg5# 1-0

[Event "DVM U10 2013"]
[Site "Magdeburg GER"]
[Date "2013.12.28"]
[Round "5"]
[White "Sulayev, Daniel"]
[Black "Giss, Alexander"]
[Result "1/2-1/2"]
[Termination "normal"]
[Board "13.1"]
[WhiteElo "1149"]
[BlackElo "1008"]
[WhiteTeam "Schachpinguine Berlin 1"]
[BlackTeam "SF Bremer Osten"]
[WhiteFideId "12977675"]
[BlackFideId "16260414"]
[EventCountry "GER"]
[EventRounds "6"]
[EventType "team-swiss"]
[EventDate "2013.12.27"]

1. e4 e5 2. Nf3 Nc6 3. Bc4 Nf6 4. d4 Nxe4 5. dxe5 Bc5 6. O-O O-O 7. Bd3 d5 8.
Nbd2 Bf5 9. c4 Re8 10. cxd5 Qxd5 11. Nxe4 Bxe4 12. Bxe4 Qxe4 13. Re1 Rad8 14.
Qxd8 Qxe1+ 15. Nxe1 Rxd8 16. Bf4 Re8 17. Nf3 Bd4 18. g3 Bxe5 19. Re1 f6 20. Kg2
Kf7 21. Bxe5 Nxe5 22. Rc1 Nxf3 23. Kxf3 Rb8 24. Rxc7+ Kg6 25. Kf4 a6 26. g4 b5
27. h4 Rb6 28. Rd7 Rc6 29. Rd2 Rc4+ 30. Kg3 h5 31. f3 Kh6 32. b3 Rc5 33. a4 g5
34. Rd6 gxh4+ 35. Kxh4 hxg4 36. Kxg4 Kg6 37. Rxa6 bxa4 38. bxa4 Rc4+ 39. Kg3
Rc8 40. Ra7 Rg8 41. a5 Kf5+ 42. Kf2 Kf4 43. a6 Rg3 44. Ra8 Rxf3+ 45. Ke2 Ra3
46. a7 f5 47. Kd2 Kf3 48. Rf8 Rxa7 1/2-1/2

[Event "DVM U10 2013"]
[Site "Magdeburg GER"]
[Date "2013.12.28"]
[Round "5"]
[White "Block, Timo"]
[Black "Kostanyan, Hakob"]
[Result "1-0"]
[Termination "normal"]
[Board "13.2"]
[WhiteElo "930"]
[BlackElo "885"]
[WhiteTeam "SF Bremer Osten"]
[BlackTeam "Schachpinguine Berlin 1"]
[WhiteFideId "16201116"]
[BlackFideId "12977683"]
[EventCountry "GER"]
[EventRounds "6"]
[EventType "team-swiss"]
[EventDate "2013.12.27"]

1. e4 e5 2. Nf3 Nc6 3. Bc4 Nf6 4. Nc3 Nxe4 5. Nxe4 d5 6. Bd3 dxe4 7. Bxe4 f5 8.
Bxc6+ bxc6 9. O-O Bd6 10. d3 O-O 11. Bg5 Qe8 12. Re1 c5 13. c3 Bb7 14. Qb3+ Qf7
15. Qxb7 Qh5 16. g3 e4 17. dxe4 fxe4 18. Qxe4 Qxf3 19. Qc4+ Qf7 20. Qxf7+ Rxf7
21. Re2 h6 22. Be3 Re8 23. Rb1 c4 24. b3 Bc5 25. bxc4 Rf6 26. Rbe1 Bxe3 27.
Rxe3 Rxe3 28. Rxe3 Rc6 29. Re4 Ra6 30. Re7 c6 31. Re6 Kf7 32. Rd6 Rxa2 33. Rxc6
a5 34. Kf1 Rc2 35. Rc7+ Kf6 36. Ke1 Rxc3 37. Kd2 Ra3 38. Rc6+ Ke5 39. c5 Ra2+
40. Ke3 Kd5 41. Rc8 a4 42. c6 a3 43. c7 Kd6 44. Ra8 Kxc7 45. Ra7+ Kd8 46. Rxg7
Rb2 47. Ra7 a2 48. h4 Rb3+ 49. Ke2 Rb2+ 50. Kf3 Ke8 51. Ke3 Kf8 52. f4 Rb3+ 53.
Kf2 Rb2+ 54. Kf3 h5 55. f5 Rb5 56. Kf4 Rb4+ 57. Kg5 Rg4+ 58. Kf6 Ke8 59. Rxa2
Rxg3 60. Ra7 Rf3 61. Rh7 Rc3 62. Kg6 Rc5 63. Kf6 Rc6+ 64. Ke5 Rc5+ 65. Kf6 Rc6+
66. Kg5 Rc5 67. Ra7 Rc6 68. Kxh5 1-0

[Event "DVM U10 2013"]
[Site "Magdeburg GER"]
[Date "2013.12.28"]
[Round "5"]
[White "Koch, Nico"]
[Black "Schnabel, Luise"]
[Result "0-1"]
[Termination "normal"]
[Board "13.4"]
[WhiteElo "600"]
[BlackElo "1369"]
[WhiteTeam "SF Bremer Osten"]
[BlackTeam "Schachpinguine Berlin 1"]
[BlackFideId "12943347"]
[EventCountry "GER"]
[EventRounds "6"]
[EventType "team-swiss"]
[EventDate "2013.12.27"]

1. e4 e5 2. Nf3 Nc6 3. Bc4 Nf6 4. d3 Bc5 5. c3 d6 6. d4 exd4 7. cxd4 Bb4+ 8.
Nc3 O-O 9. O-O Bxc3 10. bxc3 Nxe4 11. Qd3 Nf6 12. Bg5 h6 13. Bh4 Re8 14. d5 Ne5
15. Nxe5 Rxe5 16. Rfe1 Qe7 17. Rxe5 Qxe5 18. Qf3 Bf5 19. Bg3 Bg4 20. Bxe5 Bxf3
21. gxf3 dxe5 22. Rb1 b6 23. Bb5 Rd8 24. c4 Nh5 25. Re1 f6 26. Kg2 Nf4+ 27. Kg3
Kf7 28. Kg4 g6 29. h4 h5+ 30. Kg3 Kg7 31. Rc1 Kh6 32. c5 Rxd5 33. cxb6 cxb6 34.
Bc6 Rd2 35. a4 Ne2+ 36. Kh3 Nxc1 37. Kg2 Nd3 38. Kg3 g5 39. hxg5+ Kxg5 40. Be4
h4+ 41. Kh3 Nf4+ 42. Kh2 Rxf2+ 43. Kh1 h3 44. a5 b5 45. a6 h2 46. Bf5 Nh5 47.
f4+ Kxf4 48. Bg4 Ng3# 0-1

[Event "DVM U10 2013"]
[Site "Magdeburg GER"]
[Date "2013.12.28"]
[Round "5"]
[White "Buller, Ian Joshua"]
[Black "Kahlsdorf, Fabian"]
[Result "1-0"]
[Termination "normal"]
[Board "14.1"]
[WhiteElo "1127"]
[BlackElo "907"]
[WhiteTeam "SV "Glück auf" Rüdersdorf e.V."]
[BlackTeam "Braunschweiger SF"]
[WhiteFideId "12990655"]
[BlackFideId "16201140"]
[EventCountry "GER"]
[EventRounds "6"]
[EventType "team-swiss"]
[EventDate "2013.12.27"]

1. e4 e5 2. Nf3 Nc6 3. d4 exd4 4. Nxd4 Bc5 5. Be3 Nf6 6. Nxc6 dxc6 7. Qxd8+
Kxd8 8. Bxc5 Nxe4 9. Bb4 Re8 10. Be2 Nf6 11. Nc3 b6 12. O-O-O+ Bd7 13. Bf3 Rb8
14. Bxc6 Re6 15. Bxd7 Nxd7 16. Rd2 Ke8 17. b3 c5 18. Ba3 Rc8 19. b4 cxb4 20.
Bxb4 a5 21. Nb5 Rcc6 22. Ba3 f6 23. Nd4 g5 24. Nxc6 Rxc6 25. Re1+ Kf7 26. Rxd7+
Kg6 27. Rd6 Rxd6 28. Bxd6 h5 29. c4 h4 30. c5 bxc5 31. Bxc5 a4 32. g3 hxg3 33.
fxg3 Kf7 34. h4 gxh4 35. gxh4 Kg6 36. Re4 f5 37. Rxa4 Kh5 38. Rf4 Kg6 39. a4
Kh5 40. a5 Kg6 41. a6 Kh5 42. a7 Kg6 43. a8=Q Kh5 44. Rxf5+ Kg4 45. Qf3+ Kxh4
46. Bf2# 1-0

[Event "DVM U10 2013"]
[Site "Magdeburg GER"]
[Date "2013.12.28"]
[Round "5"]
[White "Katholy, Joshua"]
[Black "Polzer, Luis"]
[Result "1-0"]
[Termination "normal"]
[Board "14.3"]
[WhiteElo "1094"]
[BlackElo "600"]
[WhiteTeam "SV "Glück auf" Rüdersdorf e.V."]
[BlackTeam "Braunschweiger SF"]
[WhiteFideId "12990647"]
[EventCountry "GER"]
[EventRounds "6"]
[EventType "team-swiss"]
[EventDate "2013.12.27"]

1. e4 Nf6 2. Nc3 e6 3. Nf3 Bd6 4. d4 Ng4 5. h3 Bb4 6. hxg4 Ba5 7. Bd2 Nc6 8.
Bb5 Nb4 9. a3 Nc6 10. Qe2 d6 11. d5 Qd7 12. dxc6 bxc6 13. Ba4 Bb7 14. O-O-O O-O
15. Bf4 e5 16. Nxe5 Qe6 17. Nf3 Qxg4 18. g3 Rae8 19. Rh4 Qg6 20. Ng5 h6 21. Nf3
d5 22. e5 Bc8 23. Nd4 Bb6 24. Nxc6 Bd7 25. Nxd5 Bxc6 26. Bxc6 Qxc6 27. Be3 Ba5
28. f4 Qg6 29. Qg4 Qc6 30. f5 Rxe5 31. Bxh6 Rxd5 32. Qxg7# 1-0

[Event "DVM U10 2013"]
[Site "Magdeburg GER"]
[Date "2013.12.28"]
[Round "5"]
[White "Brunzendorf, Tanja"]
[Black "Darowski, Janek Wilhelm"]
[Result "0-1"]
[Termination "normal"]
[Board "14.4"]
[WhiteElo "600"]
[BlackElo "971"]
[WhiteTeam "Braunschweiger SF"]
[BlackTeam "SV "Glück auf" Rüdersdorf e.V."]
[EventCountry "GER"]
[EventRounds "6"]
[EventType "team-swiss"]
[EventDate "2013.12.27"]

1. e4 d5 2. exd5 Qxd5 3. Nc3 Qa5 4. Bb5+ c6 5. Bc4 Nf6 6. Nf3 Bf5 7. d3 Nbd7 8.
O-O e6 9. Bd2 Qd8 10. Bg5 Bc5 11. Ne4 h6 12. Nxf6+ Nxf6 13. Bxf6 Qxf6 14. Rb1
O-O 15. a3 Rad8 16. b4 Bd4 17. Nxd4 Qxd4 18. Rc1 Qf4 19. Re1 Qg5 20. h3 Bxh3
21. Kf1 Bxg2+ 22. Ke2 Qf4 23. Rf1 Bf3+ 24. Ke1 Bxd1 25. Rxd1 b5 26. Bb3 Rd4 27.
Rd2 Qe5+ 28. Kd1 Rf4 29. Re1 Qa1+ 30. Ke2 Qc3 31. Kd1 Qa1+ 32. Ke2 Qc3 33. Kd1
Re8 34. Ke2 Rxf2+ 35. Kxf2 Qxd2+ 36. Re2 Qf4+ 37. Ke1 e5 38. Rf2 Qc1+ 39. Ke2
e4 40. Bxf7+ Kf8 41. Bxe8+ Kxe8 42. dxe4 Qxc2+ 43. Ke3 Qc3+ 44. Kf4 Ke7 45. Re2
Ke6 46. Re3 Qe5+ 47. Kf3 Qg5 48. e5 Qf5+ 49. Ke2 g5 50. Rd3 Qxe5+ 51. Re3 h5
52. Rxe5+ Kxe5 53. Kf3 g4+ 54. Kg3 Kf5 55. Kh4 Kg6 56. Kg3 Kg5 57. Kg2 h4 58.
Kh2 h3 59. Kg3 Kh5 60. Kh2 Kh4 61. Kh1 g3 62. Kg1 g2 63. Kh2 Kg4 64. Kg1 Kg3
65. a4 h2# 0-1

[Event "DVM U10 2013"]
[Site "Magdeburg GER"]
[Date "2013.12.28"]
[Round "5"]
[White "Triantafillidis, Simeon"]
[Black "Siegl, Justus"]
[Result "1-0"]
[Termination "normal"]
[Board "15.1"]
[WhiteElo "1361"]
[BlackElo "888"]
[WhiteTeam "SF HN-Biberach 1978"]
[BlackTeam "SV Breitenworbis"]
[WhiteFideId "12953113"]
[EventCountry "GER"]
[EventRounds "6"]
[EventType "team-swiss"]
[EventDate "2013.12.27"]

1. e4 e5 2. Nf3 Nc6 3. Bc4 Bc5 4. b4 Bxb4 5. c3 Bc5 6. d4 exd4 7. O-O dxc3 8.
Bxf7+ Kxf7 9. Qd5+ Ke8 10. Qh5+ g6 11. Qxc5 d6 12. Qxc3 Qf6 13. Bb2 Ne5 14.
Nxe5 dxe5 15. Qxe5+ Kf7 16. Qd5+ Qe6 17. Qxe6+ Kxe6 18. Bxh8 Bd7 19. f4 Bc6 20.
Bb2 Bxe4 21. Re1 Kf5 22. g4+ Kxf4 23. Bc1+ Ke5 24. Nd2 Nf6 25. Bb2+ Ke6 26.
Bxf6 Kxf6 27. Nxe4+ Kg7 28. Rab1 b6 29. Rec1 a5 30. Nc5 bxc5 31. Rxc5 Kh6 32.
Rxc7 a4 33. Rbb7 Kg5 34. Rxh7 Kxg4 35. h3+ Kg5 36. Rhg7 Rc8 37. Rgf7 Rc3 38.
Rb5+ Kh6 39. Rb3 Rc1+ 40. Rf1 Rc2 41. Ra3 Rc5 42. Rf6 Rc1+ 43. Kg2 Rc2+ 44. Kg3
Rc5 45. Ra6 Rg5+ 46. Kf4 Rf5+ 47. Ke4 Kh5 48. R3xa4 Kg5 49. R4a5 Rxa5 50. Rxa5+
Kh4 51. Rf5 g5 52. a4 Kxh3 53. Rxg5 Kh2 54. Kf3 Kh1 55. Kf2 Kh2 56. Rh5# 1-0

[Event "DVM U10 2013"]
[Site "Magdeburg GER"]
[Date "2013.12.28"]
[Round "5"]
[White "Dittrich, Julius"]
[Black "Melzig, Antonio"]
[Result "1/2-1/2"]
[Termination "normal"]
[Board "15.2"]
[WhiteElo "905"]
[BlackElo "1024"]
[WhiteTeam "SV Breitenworbis"]
[BlackTeam "SF HN-Biberach 1978"]
[WhiteFideId "12995398"]
[BlackFideId "16235193"]
[EventCountry "GER"]
[EventRounds "6"]
[EventType "team-swiss"]
[EventDate "2013.12.27"]

1. e4 e5 2. Nf3 Nc6 3. Nc3 Nf6 4. d4 exd4 5. Nxd4 Nxd4 6. Qxd4 d6 7. Bg5 Be7 8.
Qd1 h6 9. Bh4 c6 10. h3 Qb6 11. Bd3 O-O 12. O-O Re8 13. Qf3 Qxb2 14. Ne2 d5 15.
exd5 cxd5 16. Rfb1 Qe5 17. Bg3 Qe6 18. Re1 Qd7 19. Nf4 Qc6 20. Re2 b6 21. Rc1
Qd7 22. Bh4 Bb7 23. Qg3 Qd6 24. Bf5 Ba6 1/2-1/2

[Event "DVM U10 2013"]
[Site "Magdeburg GER"]
[Date "2013.12.28"]
[Round "5"]
[White "Gerold, Robin"]
[Black "Conradi, Jonas"]
[Result "1/2-1/2"]
[Termination "normal"]
[Board "15.3"]
[WhiteElo "995"]
[BlackElo "794"]
[WhiteTeam "SF HN-Biberach 1978"]
[BlackTeam "SV Breitenworbis"]
[WhiteFideId "16235185"]
[EventCountry "GER"]
[EventRounds "6"]
[EventType "team-swiss"]
[EventDate "2013.12.27"]

1. e4 e6 2. Nc3 c6 3. Nf3 d5 4. exd5 cxd5 5. Bb5+ Bd7 6. Bxd7+ Nxd7 7. d4 Bb4
8. Bd2 Ngf6 9. a3 Bxc3 10. Bxc3 O-O 11. O-O Ne4 12. Qd3 f5 13. Bb4 Rf7 14. h3
a5 15. Bd2 b6 16. Qe3 Qe7 17. Ng5 Qxg5 18. Qxg5 Nxg5 19. Bxg5 h6 20. Bf4 Rc8
1/2-1/2

[Event "DVM U10 2013"]
[Site "Magdeburg GER"]
[Date "2013.12.28"]
[Round "5"]
[White "Wehling, Elias"]
[Black "Dittmar, Elia"]
[Result "0-1"]
[Termination "normal"]
[Board "15.4"]
[WhiteElo "734"]
[BlackElo "783"]
[WhiteTeam "SV Breitenworbis"]
[BlackTeam "SF HN-Biberach 1978"]
[BlackFideId "16269098"]
[EventCountry "GER"]
[EventRounds "6"]
[EventType "team-swiss"]
[EventDate "2013.12.27"]

1. e4 e5 2. Nc3 Nf6 3. Nf3 Bb4 4. d3 O-O 5. Nxe5 d6 6. Nf3 Bg4 7. Be2 Nc6 8. h3
Bh5 9. Bg5 h6 10. Bh4 d5 11. O-O d4 12. Nb1 Qe7 13. c3 dxc3 14. bxc3 Bxf3 15.
Bxf3 Qe5 16. a3 Bd6 17. d4 Qh2# 0-1

[Event "DVM U10 2013"]
[Site "Magdeburg GER"]
[Date "2013.12.28"]
[Round "5"]
[White "Grund, Sebastian"]
[Black "von Asow, Till"]
[Result "1-0"]
[Termination "normal"]
[Board "16.1"]
[WhiteElo "1253"]
[BlackElo "811"]
[WhiteTeam "MTV 1876 Saalfeld"]
[BlackTeam "Spvgg Rommelshausen"]
[WhiteFideId "12988626"]
[BlackFideId "16257162"]
[EventCountry "GER"]
[EventRounds "6"]
[EventType "team-swiss"]
[EventDate "2013.12.27"]

1. c4 e5 2. g3 Bc5 3. e3 Nf6 4. Bg2 Nc6 5. Ne2 d6 6. Nbc3 Bg4 7. a3 Qe7 8. b4
Bb6 9. Bb2 e4 10. d3 exd3 11. Qxd3 O-O-O 12. O-O h5 13. Nf4 g5 14. Nfd5 Nxd5
15. Nxd5 Qe6 16. Bxh8 Rxh8 17. Qc3 Rh6 18. a4 a6 19. a5 Ba7 20. b5 axb5 21.
cxb5 Ne7 22. Qxc7# 1-0

[Event "DVM U10 2013"]
[Site "Magdeburg GER"]
[Date "2013.12.28"]
[Round "5"]
[White "Ehmann, Tim"]
[Black "Gräf, Patrick"]
[Result "1-0"]
[Termination "normal"]
[Board "16.2"]
[WhiteElo "791"]
[BlackElo "818"]
[WhiteTeam "Spvgg Rommelshausen"]
[BlackTeam "MTV 1876 Saalfeld"]
[EventCountry "GER"]
[EventRounds "6"]
[EventType "team-swiss"]
[EventDate "2013.12.27"]

1. e4 e5 2. Nf3 Nc6 3. Nc3 Nf6 4. Bc4 Nxe4 5. Nxe4 d5 6. Bd3 dxe4 7. Bxe4 Bg4
8. d3 Bxf3 9. Qxf3 Bb4+ 10. c3 Ba5 11. O-O O-O 12. Qg3 h6 13. Bxh6 Qf6 14. Bg5
Qe6 15. Qh4 Qg6 16. Bxg6 fxg6 17. d4 Bb6 18. dxe5 Nxe5 19. Rae1 Nd3 20. Re2 c6
21. Be3 Bd8 22. Qe4 Nc5 23. Bxc5 b6 24. Bd4 Rc8 25. Qe5 Bf6 26. Qe6+ Kh8 27.
Re3 Bh4 28. Rh3 g5 29. Qh6+ Kg8 30. Qxg7# 1-0

[Event "DVM U10 2013"]
[Site "Magdeburg GER"]
[Date "2013.12.28"]
[Round "5"]
[White "Kramer, Maximilian"]
[Black "Eisenhardt, Moritz"]
[Result "0-1"]
[Termination "normal"]
[Board "16.3"]
[WhiteElo "794"]
[BlackElo "600"]
[WhiteTeam "MTV 1876 Saalfeld"]
[BlackTeam "Spvgg Rommelshausen"]
[EventCountry "GER"]
[EventRounds "6"]
[EventType "team-swiss"]
[EventDate "2013.12.27"]

1. e4 e5 2. Nf3 Nc6 3. Nc3 Nb4 4. Nd5 Bc5 5. Be2 Nf6 6. Nxf6+ Qxf6 7. O-O O-O
8. d3 d6 9. Bg5 Qg6 10. h3 Bd4 11. c3 Bc5 12. Bd2 Bxh3 13. Nh4 Qg3 14. Be3 Qxh4
15. Bxc5 dxc5 16. Bf3 Rae8 17. gxh3 Qxh3 18. Bg2 Qh6 19. Qc1 Qg6 20. Kh1 Qe6
21. Bh3 Qh6 22. Qd1 Qxh3+ 23. Kg1 Re6 24. Re1 Rg6+ 25. Qg4 Rxg4# 0-1

[Event "DVM U10 2013"]
[Site "Magdeburg GER"]
[Date "2013.12.28"]
[Round "5"]
[White "Kohleisen, Konstantin"]
[Black "Kubelt, Lycian"]
[Result "1-0"]
[Termination "normal"]
[Board "16.4"]
[WhiteElo "806"]
[BlackElo "762"]
[WhiteTeam "Spvgg Rommelshausen"]
[BlackTeam "MTV 1876 Saalfeld"]
[EventCountry "GER"]
[EventRounds "6"]
[EventType "team-swiss"]
[EventDate "2013.12.27"]

1. e4 e5 2. Nf3 Nc6 3. Bb5 Nd4 4. Nxd4 exd4 5. O-O Nf6 6. d3 Bc5 7. Bg5 h6 8.
Bxf6 Qxf6 9. Qh5 Bd6 10. Re1 Be5 11. Nd2 g6 12. Qh3 c6 13. Ba4 d5 14. exd5 Bxh3
15. dxc6 Qg5 16. g3 O-O-O 17. cxb7+ Kxb7 18. Re4 Qxd2 19. Rxe5 f6 20. Re7+ Kb6
21. Rae1 Rd5 22. R1e6+ Ka5 23. Rxa7+ Kb4 24. a3+ Kc5 25. Rc6# 1-0

[Event "DVM U10 2013"]
[Site "Magdeburg GER"]
[Date "2013.12.28"]
[Round "5"]
[White "Fidlin, Simon"]
[Black "Kittelmann, Anton"]
[Result "0-1"]
[Termination "normal"]
[Board "17.1"]
[WhiteElo "1151"]
[BlackElo "867"]
[WhiteTeam "Karlsruher SF 1853"]
[BlackTeam "SG Blau-Weiß Stadtilm 2"]
[WhiteFideId "16217535"]
[EventCountry "GER"]
[EventRounds "6"]
[EventType "team-swiss"]
[EventDate "2013.12.27"]

1. e4 e5 2. Nf3 Nc6 3. Bb5 a6 4. Ba4 Nf6 5. O-O Bc5 6. Re1 d6 7. h3 Be6 8. c3
Qd7 9. d4 exd4 10. cxd4 b5 11. Bc2 Bb6 12. d5 Bxh3 13. dxc6 Qg4 14. g3 Qxg3+
0-1

[Event "DVM U10 2013"]
[Site "Magdeburg GER"]
[Date "2013.12.28"]
[Round "5"]
[White "Wilhelm, Anna-Lena"]
[Black "Fidlin, Maximilian"]
[Result "0-1"]
[Termination "normal"]
[Board "17.2"]
[WhiteElo "793"]
[BlackElo "918"]
[WhiteTeam "SG Blau-Weiß Stadtilm 2"]
[BlackTeam "Karlsruher SF 1853"]
[WhiteFideId "16230094"]
[EventCountry "GER"]
[EventRounds "6"]
[EventType "team-swiss"]
[EventDate "2013.12.27"]

1. e4 e6 2. Nf3 d5 3. Nc3 c5 4. Bb5+ Bd7 5. d3 a6 6. Bxd7+ Nxd7 7. Bf4 Nb6 8.
Qd2 d4 9. Ne2 Bd6 10. O-O-O Bxf4 11. Qxf4 Nf6 12. Kb1 O-O 13. Qe5 Nbd7 14. Qg3
b5 15. Ne5 Nxe5 16. Qxe5 Nd7 17. Qg3 c4 18. Nxd4 Qf6 19. Ne2 Nc5 20. Nf4 Na4
21. c3 b4 22. Nh5 Qg6 23. Qxg6 fxg6 24. Nf4 bxc3 25. Nh3 Rab8 26. b3 cxb3 27.
axb3 Rxb3+ 28. Kc2 Rfb8 29. Kc1 Rb1+ 30. Kc2 R8b2# 0-1

[Event "DVM U10 2013"]
[Site "Magdeburg GER"]
[Date "2013.12.28"]
[Round "5"]
[White "Gölitz, Lia"]
[Black "Schulz, Hannah"]
[Result "1-0"]
[Termination "normal"]
[Board "17.4"]
[WhiteElo "755"]
[BlackElo "787"]
[WhiteTeam "SG Blau-Weiß Stadtilm 2"]
[BlackTeam "Karlsruher SF 1853"]
[WhiteFideId "16230116"]
[BlackFideId "16244745"]
[EventCountry "GER"]
[EventRounds "6"]
[EventType "team-swiss"]
[EventDate "2013.12.27"]

1. e4 Nf6 2. Nc3 Nc6 3. Bc4 e5 4. Nf3 Bb4 5. h3 h6 6. d3 d6 7. Be3 Bd7 8. O-O
O-O 9. a3 Bxc3 10. bxc3 Na5 11. Bb3 Nxb3 12. cxb3 d5 13. Nxe5 Be6 14. c4 dxc4
15. bxc4 b5 16. Nc6 Qd7 17. cxb5 Rab8 18. Nxb8 Qxb5 19. Rb1 Bb3 20. Rxb3 Qxb8
21. Rxb8 Rxb8 22. Bxa7 Ra8 23. e5 Nd5 24. Re1 Rxa7 25. e6 Nc3 26. exf7+ Kxf7
27. Qf3+ Kg6 28. Re6+ Kh7 29. d4 Rb7 30. Re1 Nb5 31. d5 Ra7 32. d6 Nxa3 1-0

[Event "DVM U10 2013"]
[Site "Magdeburg GER"]
[Date "2013.12.28"]
[Round "5"]
[White "Matthiessen, Linus"]
[Black "Kukulina, Sonja"]
[Result "0-1"]
[Termination "normal"]
[Board "18.1"]
[WhiteElo "1053"]
[BlackElo "1229"]
[WhiteTeam "SK Blauer Springer Paderborn 2"]
[BlackTeam "SK München Südost"]
[WhiteFideId "16222555"]
[BlackFideId "12977047"]
[EventCountry "GER"]
[EventRounds "6"]
[EventType "team-swiss"]
[EventDate "2013.12.27"]

1. d4 d5 2. Nf3 e6 3. Bf4 Nf6 4. e3 Nc6 5. c3 Bd7 6. Bd3 Bd6 7. Bg3 Qe7 8. Nbd2
O-O-O 9. Ne5 h5 10. Qb3 Na5 11. Qc2 h4 12. Nxd7 hxg3 13. Nxf6 gxf2+ 14. Kxf2
Qxf6+ 15. Ke1 Bg3+ 16. Kd1 Qf2 17. Bh7 Qxg2 18. Rf1 Qxh2 19. Bd3 Qg2 20. b3 Rh1
21. Rxh1 Qxh1+ 22. Nf1 Qf3+ 23. Be2 Qf2 24. Kc1 Rh8 25. Nxg3 Qxg3 26. b4 Qxe3+
27. Kb2 Nc4+ 28. Bxc4 dxc4 29. Qa4 Qd2+ 30. Ka3 Qxc3+ 31. Qb3 cxb3 32. axb3 Rh3
33. Ka2 Qxb3# 0-1

[Event "DVM U10 2013"]
[Site "Magdeburg GER"]
[Date "2013.12.28"]
[Round "5"]
[White "Grunert, Friedrich"]
[Black "Janke, Julian"]
[Result "0-1"]
[Termination "normal"]
[Board "18.2"]
[WhiteElo "600"]
[BlackElo "894"]
[WhiteTeam "SK München Südost"]
[BlackTeam "SK Blauer Springer Paderborn 2"]
[WhiteFideId "12995592"]
[BlackFideId "16229185"]
[EventCountry "GER"]
[EventRounds "6"]
[EventType "team-swiss"]
[EventDate "2013.12.27"]

1. d4 d5 2. Nc3 Bf5 3. Bf4 g6 4. Qd2 e6 5. O-O-O Bd6 6. Nb5 Bxf4 7. Qxf4 Na6 8.
Nf3 c6 9. Nd6+ Ke7 10. Nxf5+ gxf5 11. Qg5+ Nf6 12. e3 Qa5 13. Kb1 Rag8 14. Qh4
Rg4 15. Qh5 Rhg8 16. Qh3 Ne4 17. Ne5 Nxf2 18. Qh5 Nxd1 19. Nxg4 Qb4 20. b3 {
nicht mehr nachvollziehbar} 0-1